Normal view MARC view
  • Gondal, Nouman Azfar

Entry Personal Name

Number of records used in: 2

001 - CONTROL NUMBER

  • control field: 134431

003 - CONTROL NUMBER IDENTIFIER

  • control field: NUST

005 - DATE AND TIME OF LATEST TRANSACTION

  • control field: 20260513123942.0

008 - FIXED-LENGTH DATA ELEMENTS

  • fixed length control field: 260513|| aca||aabn | a|a d

040 ## - CATALOGING SOURCE

  • Original cataloging agency: NUST
  • Transcribing agency: NUST

100 ## - HEADING--PERSONAL NAME

  • Personal name: Gondal, Nouman Azfar

670 ## - SOURCE DATA FOUND

  • Source citation: Work cat.: (NUST): Gondal, Nouman Azfar, ANALYSIS AND EVALUATION OF EXISTING ASPECTS OF OPERATIONS MANAGEMENT, LEADING TO AN UNDERUTILIZED DESIGN CAPACITY; AND APPLICATION OF APPROPRIATE TOOLS TO ENHANCE OPERATIONAL EFFICIENCY, PRODUCTION AND QUALITY MANAGEMENT/
© 2023 Central Library, National University of Sciences and Technology. All Rights Reserved.